| 000 | 01145cam a2200253 4500 | ||
|---|---|---|---|
| 001 | ABS66497 | ||
| 008 | 030403n2003 000 0 eng u | ||
| 035 | _a(Sirsi) u121891 | ||
| 245 | 4 | _aThe applications of BREEAM in corporate real estate: a case study in the design and marketing of a city centre office development | |
| 260 | _c2003 | ||
| 490 |
_aJournal of Corporate Real Estate _v5(1) 2002, 66-78(13) |
||
| 520 | _aExamines the role of the Building Research Establishment Environmental Assessment Method (BREEAM) in a case study of the design and marketing of a city centre office development. The paper concludes that internal environmental conditions are becoming increasingly important to occupiers but evidence of sustainable development being led by the market is not apparent in this study. | ||
| 590 | _aABS | ||
| 650 | _aBREEAM | ||
| 650 | _aOFFICE DEVELOPMENT | ||
| 650 |
_aSustainability _96271 |
||
| 650 | _aMARKETING | ||
| 650 | _aOCCUPIERS | ||
| 650 | _aENERGY ASSESSMENT | ||
| 650 | _aCARBON DIOXIDE EMISSIONS | ||
| 650 | _aCASE STUDIES | ||
| 690 | _aBUILT ENVIRONMENT-SUSTAINABLE CONSTRUCTION | ||
| 942 | _n0 | ||
| 999 |
_c72443 _d72443 |
||